| 000 | 02574nam a22003617a 4500 | ||
|---|---|---|---|
| 001 | 103416 | ||
| 003 | KnowledgeUnlatched | ||
| 005 | 20210303104839.0 | ||
| 006 | m o d | ||
| 007 | cr u|||||||||| | ||
| 008 | 210129p20142017xxk o u00| u eng d | ||
| 035 | _a(OCoLC)868068541 | ||
| 037 | _5BiblioBoard | ||
| 245 | 0 | 0 |
_aGoverning Failure _bProvisional Expertise and the Transformation of Global Development Finance / _cJacqueline Best. |
| 020 | _a9781107035041 | ||
| 029 | 1 | _ahttps://library.biblioboard.com/ext/api/media/366c6d24-f7e9-4481-af83-9c9fc362391b/assets/thumbnail.jpg | |
| 040 |
_aScCtBLL _cScCtBLL |
||
| 100 | 1 |
_aBest, Jacqueline _eauthor. |
|
| 264 | 1 | _bCambridge University Press, | |
| 300 | _a1 online resource (285 p.) | ||
| 506 | 0 |
_aAccess copy available to the general public. _fUnrestricted _2star |
|
| 520 | _aJacqueline Best argues that the changes in International Monetary Fund, World Bank and donor policies in the 1990s, towards what some have called the 'Post-Washington Consensus,' were driven by an erosion of expert authority and an increasing preoccupation with policy failure. Failures such as the Asian financial crisis and the decades of despair in sub-Saharan Africa led these institutions to develop governance strategies designed to avoid failure: fostering country ownership, developing global standards, managing risk and vulnerability and measuring results. In contrast to the structural adjustment era when policymakers were confident that they had all the answers, the author argues that we are now in an era of provisional governance, in which key actors are aware of the possibility of failure even as they seek to inoculate themselves against it. This book considers the implications of this shift, asking if it is a positive change and whether it is sustainable.This title was made Open Access by libraries from around the world through Knowledge Unlatched. | ||
| 588 | 0 | _aDescription based on print version record. | |
| 590 | _aKnowledge Unlatched Pilot Collection | ||
| 650 | 7 |
_aPolitical Science _2bisacsh |
|
| 650 | 0 | _aPolitical science | |
| 655 | 0 | _aElectronic books. | |
| 758 |
_iIs found in: _aKnowledge Unlatched _1https://openresearchlibrary.org/module/2774bc74-146a-484f-a7ba-ab1d6a09bbfb |
||
| 856 | 4 | 0 |
_uhttps://openresearchlibrary.org/content/366c6d24-f7e9-4481-af83-9c9fc362391b _zView this content on Open Research Library. _70 |
| 999 |
_c27784 _d27784 |
||